00331nam a2200133Ia 4500008004100000020001500041041001200056082001700068100001400085245005000099260002500149300000800174650001500182221030s9999 xx 000 0 und d a8120310446 aEnglish a105.23bFay. aJ. A. Fay 0aIntroductIon to Fluid Mechanicscby J. A. Fay bPHIaNew Delhic1996 a605 aMechanical